Routing Protocols and Concepts : (Record no. 15126)

MARC details
000 -LEADER
fixed length control field 00639nam a22002057a 4500
003 - CONTROL NUMBER IDENTIFIER
control field URS
005 - DATE AND TIME OF LATEST TRANSACTION
control field 20220114171915.0
008 - FIXED-LENGTH DATA ELEMENTS--GENERAL INFORMATION
fixed length control field 180207b xxu||||| |||| 00| 0 eng d
020 ## - INTERNATIONAL STANDARD BOOK NUMBER
International Standard Book Number 9789810698775
050 14 - LIBRARY OF CONGRESS CALL NUMBER
Classification number TK 5105.543
Item number G65
100 1# - MAIN ENTRY--PERSONAL NAME
Personal name Graziani, Rick,
Dates associated with a name 2008-
Relator term author
245 10 - TITLE STATEMENT
Title Routing Protocols and Concepts :
Remainder of title CCNA exploration companion guide /
Statement of responsibility, etc. Rick Graziani.
264 #1 - PRODUCTION, PUBLICATION, DISTRIBUTION, MANUFACTURE, AND COPYRIGHT NOTICE
Place of production, publication, distribution, manufacture Indiana:
Name of producer, publisher, distributor, manufacturer Cisco Press,
Date of production, publication, distribution, manufacture, or copyright notice ©2008.
300 ## - PHYSICAL DESCRIPTION
Extent xxxiv, 606 pages:
Other physical details illustrations;
Dimensions 23 cm
336 ## - CONTENT TYPE
Source rdacontent
Content type term text
336 ## - CONTENT TYPE
Source rdacontent
Content type term still image
337 ## - MEDIA TYPE
Source rdamedia
Media type term unmediated
338 ## - CARRIER TYPE
Source rdacarrier
Carrier type term volume
942 ## - ADDED ENTRY ELEMENTS (KOHA)
Source of classification or shelving scheme Library of Congress Classification
Koha item type Foreign Books
Holdings
Withdrawn status Source of classification or shelving scheme Damaged status Not for loan Collection code Home library Current library Shelving location Date acquired Total Checkouts Full call number Barcode Date last seen Price effective from Koha item type
  Library of Congress Classification     Non-fiction Binangonan College Library Binangonan College Library Foreign Section 06/07/2023   TK 5105.543 G65 URSBIN-01353 06/13/2018 06/13/2018 Foreign Books

University of Rizal System
Email us at univlibservices@urs.edu.ph

Visit our Website www.urs.edu.ph/library